000
00301nam a2200133Ia 4500
005
20251222144752.0
008
251222s9999||||xx |||||||||||||| ||spa||
020
_a
88-7715-140-4
082
_a
455.02/T79
100
_a
Trenta Lucaroni, Vanda
245
0
_a
Parole:
264
_b
Guerra
942
_c
LIB
999
_c
19385
_d
19385